| 000 | 00728nam a22002057a 4500 | ||
|---|---|---|---|
| 999 |
_c177680 _d177680 |
||
| 005 | 20210225125950.0 | ||
| 010 | _aENG-129059 | ||
| 020 |
_c499.00 _a978-1-52940-129-5 |
||
| 035 | _aEN-112591 | ||
| 037 | _bDBAD/PUB | ||
| 082 | _a158.1 | ||
| 100 | _aGarcia, Hector | ||
| 245 |
_aThe Book of Ichigo Ichie: the art of making the most of every moment, the Japanese way/ _cHector Garcia and Francesc Miralles |
||
| 260 |
_aGurugram _bHachette Book Publishing India Pvt. Ltd. _c2019 |
||
| 270 |
_bGurugram _a4th/5th Floors, Corporate Centre, Plot No- 94, Sec- 44 _e122003 |
||
| 300 |
_a196p. _c20cm(hbk) |
||
| 700 | _aMiralles, Francesc | ||
| 700 | _aWhittle, Charlotte, Tr. | ||
| 942 |
_2ddc _cEN _h158.1 _mGAR |
||